| 000 | 00854cam a22002531 4500 | ||
|---|---|---|---|
| 001 | sd 59000008 | ||
| 003 | DLC | ||
| 005 | 20260227112736.0 | ||
| 008 | 920417s1959 dcua f000 0 eng c | ||
| 010 | _asd 59000008 | ||
| 035 | _a(OCoLC)25667403 | ||
| 040 |
_aU.S. Dept. of State. Library _cDS _dDS _dDLC |
||
| 042 | _apremarc | ||
| 050 | 0 | 0 |
_aJX4131 _b.P4 |
| 100 | 1 |
_aPearcy, George Etzel, _d1905- |
|
| 245 | 1 | 0 | _aMeasurement of the U.S. territorial sea. |
| 260 |
_a[Washington, _bU.S. Govt. Print. Off., _c1959] |
||
| 300 |
_a9 p. _billus. _c26 cm. |
||
| 490 | 1 |
_a[U.S.] Dept. of State. Publication _v6879 |
|
| 490 | 1 |
_aGeneral foreign policy series, _v139 |
|
| 650 | 0 |
_aTerritorial waters _zUnited States. |
|
| 830 | 0 |
_aDepartment of State publication ; _v6879. |
|
| 830 | 0 |
_aDepartment of State publication. _pGeneral foreign policy series ; _v139. |
|
| 999 |
_c90073 _d90073 |
||